Telepatía (Record no. 70736)

MARC details
000 -LEADER
campo de control de longitud fija 00562nam a2200169 i 4500
001 - NÚMERO DE CONTROL
campo de control 70736
003 - IDENTIFICADOR DE NÚMERO DE CONTROL
campo de control ES-MaACL
007 - CAMPO FIJO DE DESCRIPCIÓN FÍSICA--INFORMACIÓN GENERAL
campo de control de longitud fija t|
008 - DATOS DE LONGITUD FIJA--INFORMACIÓN GENERAL
campo de control de longitud fija 040802s1948 sp ||||1| spa d
100 1# - ENTRADA PRINCIPAL--NOMBRE DE PERSONA
Nombre de persona Garret, Eileen J.
9 (RLIN) 55654
245 10 - MENCIÓN DEL TÍTULO
Título Telepatía
Resto del título : (en busca de una facultad perdida) /
Mención de responsabilidad, etc. Eileen J. Garret ; traducción del inglés por J. G. de Luaces.
260 ## - PUBLICACIÓN, DISTRIBUCIÓN, ETC.
Lugar de publicación, distribución, etc. Barcelona :
Nombre del editor, distribuidor, etc. E.A.,
Fecha de publicación, distribución, etc. [1948] (
Fabricante Gráf. Londres)
300 ## - DESCRIPCIÓN FÍSICA
Extensión 169 p. ;
Dimensiones 19 cm.
700 1# - ENTRADA AGREGADA--NOMBRE PERSONAL
Nombre de persona Luaces, Juan G. de.
9 (RLIN) 74483
700 1# - ENTRADA AGREGADA--NOMBRE PERSONAL
Nombre de persona Durán, Fernando.
9 (RLIN) 46181
852 ## - LOCALIZACIÓN
Ubicación ES-MaACL
Número de control de estantería B-7367
Sublocalización o colección R.28888
Holdings
Estatus retirado Estado de pérdida Estado de daño No para préstamo Biblioteca de origen Biblioteca actual Ubicación en estantería Fecha de adquisición Fuente de adquisición Total de préstamos Signatura topográfica completa Código de barras Visto por última vez Precio de reemplazo Tipo de ítem Koha
        Biblioteca del Ateneo de Madrid Biblioteca del Ateneo de Madrid Sala Pardo Bazán 17/01/2008     B-7367 1074066 23/02/2023 23/02/2023 Libro impreso